000 00422nam a2200181Ia 4500
001 22901
005 20260414150901.0
008 260414t2014||||xx |||||||||||||| ||spa||
041 _aESP
082 _a624.17
_bM523
100 _aMcguire, William
_eAUT
245 0 _aMatrix structural analysis
_b
260 _c2014
300 _a460 páginas :
_c28 cm.
650 _a0
654 _aCIC
942 _cLIB
_dJUS
_fJUS
_2ddc
_n
999 _c22901
_d22901